[Event "V Floripa Chess Open 2019"]
[Site "Florianopolis/SC"]
[Date "2019.01.24"]
[Round "6.140"]
[White "Monteiro, Daniel Zotelli"]
[Black "Reinaldo Dos Santos, Julio"]
[Result "1-0"]
[WhiteElo "1567"]
[BlackElo "1922"]
[PlyCount "149"]
[EventDate "2019.01.21"]
[EventRounds "10"]
[EventCountry "BRA"]

1. e4 d6 2. d4 Nf6 3. Nc3 g6 4. g3 Bg7 5. Bg2 O-O 6. Nf3 c5 7. dxc5 Qa5 8. O-O Qxc5 9. Be3 Qb4 10. Qd3 Nc6 11. a3 Qa5 12. Nd2 a6 13. Nc4 Qh5 14. Qe2 Qxe2 15. Nxe2 Ng4 16. Bc1 Be6 17. Nb6 Rad8 18. h3 Nge5 19. Rb1 Nc4 20. Nd5 Bc8 21. b3 N4e5 22. Rd1 Nd7 23. Bb2 Bxb2 24. Rxb2 e6 25. Ne3 Nf6 26. f4 Rfe8 27. c4 Kf8 28. Kf2 Ke7 29. Nc3 Rd7 30. b4 Rc7 31. Rbd2 Rd8 32. c5 dxc5 33. bxc5 Rxd2+ 34. Rxd2 Na5 35. e5 Ne8 36. Ne4 Bd7 37. Rc2 Bc6 38. Nc4 Nxc4 39. Rxc4 Bd5 40. Rc3 f5 41. Nd6 Bxg2 42. Kxg2 Kd7 43. Rd3 Nxd6 44. cxd6 Rc2+ 45. Kf3 b5 46. Ke3 a5 47. Rb3 Rc5 48. Kd4 Rd5+ 49. Kc3 Kc6 50. Rb2 Rc5+ 51. Kb3 Kd7 52. Rc2 Rd5 53. Rc7+ Kd8 54. Kc2 b4 55. axb4 axb4 56. Rc4 b3+ 57. Kxb3 Rd2 58. h4 h5 59. Rc3 Rd4 60. Kc2 Rd5 61. Rc7 Ra5 62. Rg7 Ra3 63. Rxg6 Kd7 64. Kd2 Rb3 65. Ke2 Ra3 66. Kf2 Ra2+ 67. Kf3 Ra3+ 68. Kg2 Ra2+ 69. Kh3 Ra1 70. Rh6 Rd1 71. Rxh5 Kc6 72. Rh6 Kd5 73. h5 Ke4 74. Kh4 Kf3 75. Kg5 1-0

[Event "V Floripa Chess Open 2019"]
[Site "Florianopolis/SC"]
[Date "2019.01.24"]
[Round "6.141"]
[White "Colaco, Willian Wagner Soar"]
[Black "Filho, Marcelo Adriano Nun"]
[Result "0-1"]
[WhiteElo "1561"]
[BlackElo "1866"]
[PlyCount "96"]
[EventDate "2019.01.21"]
[EventRounds "10"]
[EventCountry "BRA"]

1. d4 d5 2. Nf3 Nf6 3. Bg5 e6 4. e3 Be7 5. Bd3 c5 6. c3 Nc6 7. Nbd2 b6 8. Bb5 Bb7 9. O-O a6 10. Bxc6+ Bxc6 11. Ne5 Bb7 12. f4 h6 13. Bh4 h5 14. a3 b5 15. b4 cxd4 16. cxd4 a5 17. bxa5 Rxa5 18. a4 b4 19. Qb3 O-O 20. Rfb1 Qa8 21. Bxf6 gxf6 22. Nd3 Bc6 23. Nxb4 Bxa4 24. Qb2 Rc8 25. Nb3 Ra7 26. Nd3 Rcc7 27. Nbc5 Bc2 28. Qxc2 Rxa1 29. Rxa1 Qxa1+ 30. Kf2 Ra7 31. Kg3 Qa2 32. Qd1 h4+ 33. Kh3 Bxc5 34. Qg4+ Kf8 35. Nxc5 Qf2 36. Qxh4 Qxh4+ 37. Kxh4 Ra3 38. Kg4 Rxe3 39. h4 Ra3 40. f5 e5 41. Nd7+ Ke7 42. Nb6 Kd6 43. dxe5+ fxe5 44. h5 Rc3 45. Na8 Ke7 46. Kg5 Kf8 47. f6 d4 48. h6 Kg8 0-1

[Event "V Floripa Chess Open 2019"]
[Site "Florianopolis/SC"]
[Date "2019.01.24"]
[Round "6.142"]
[White "Girona, Martin"]
[Black "Pereira, Thales Oliveira"]
[Result "0-1"]
[WhiteElo "1548"]
[BlackElo "1836"]
[PlyCount "60"]
[EventDate "2019.01.21"]
[EventRounds "10"]
[EventCountry "BRA"]

1. d4 f5 2. e4 fxe4 3. Nc3 Nf6 4. Bg5 Nc6 5. d5 Ne5 6. Qd4 Nf7 7. Bxf6 exf6 8. Qxe4+ Qe7 9. Nf3 f5 10. Qxe7+ Bxe7 11. O-O-O d6 12. Nd4 Ne5 13. Bb5+ Kf7 14. Rde1 a6 15. Ba4 b5 16. Bb3 f4 17. Re2 Bg4 18. f3 Bd7 19. Ne6 Rac8 20. Kb1 c5 21. dxc6 Bxe6 22. Nd5 Nxc6 23. Re4 g5 24. h4 Bd8 25. hxg5 Bxg5 26. Rhe1 Na5 27. Rd1 Nc4 28. Nb4 Rb8 29. Nd5 Rb7 30. c3 Bf5 0-1

[Event "V Floripa Chess Open 2019"]
[Site "Florianopolis/SC"]
[Date "2019.01.24"]
[Round "6.143"]
[White "Vitielo, Alecio Elias"]
[Black "Jodorcovsky, Alejandro David"]
[Result "1-0"]
[WhiteElo "1800"]
[BlackElo "1577"]
[PlyCount "39"]
[EventDate "2019.01.21"]
[EventRounds "10"]
[EventCountry "BRA"]

1. e4 e5 2. Nf3 Nc6 3. Bb5 a6 4. Bxc6 dxc6 5. O-O Bd6 6. d4 exd4 7. Qxd4 f6 8. Re1 Ne7 9. e5 fxe5 10. Nxe5 O-O 11. Bg5 Rf5 12. Qc4+ Kh8 13. Nf3 h6 14. Bxe7 Bxe7 15. Nc3 Bd6 16. Nh4 Rg5 17. Re3 Bc5 18. Rf3 Qf6 19. Ne4 Qxb2 20. Re1 1-0

[Event "V Floripa Chess Open 2019"]
[Site "Florianopolis/SC"]
[Date "2019.01.24"]
[Round "6.144"]
[White "Niehues, Luiz Cesar"]
[Black "Pereira, Armando Scharlau"]
[Result "0-1"]
[WhiteElo "1540"]
[BlackElo "1760"]
[PlyCount "56"]
[EventDate "2019.01.21"]
[EventRounds "10"]
[EventCountry "BRA"]

1. d4 Nf6 2. c4 e6 3. Nc3 d5 4. cxd5 exd5 5. Bg5 Be7 6. Nf3 O-O 7. e3 h6 8. Bxf6 Bxf6 9. Bd3 Re8 10. O-O c6 11. h3 a5 12. Rc1 Na6 13. Bb1 Nc7 14. Ne2 Ne6 15. Qc2 g6 16. Ng3 Ng5 17. Nxg5 hxg5 18. Rce1 g4 19. hxg4 Bxg4 20. f3 Bh4 21. fxg4 Bxg3 22. Rxf7 Kxf7 23. Rf1+ Ke7 24. Qxg6 Kd7 25. Rf7+ Kc8 26. Bf5+ Kb8 27. Rd7 Qxd7 28. Bxd7 Rxe3 0-1

[Event "V Floripa Chess Open 2019"]
[Site "Florianopolis/SC"]
[Date "2019.01.24"]
[Round "6.145"]
[White "Takehara, Alan Keissuke"]
[Black "Belmonte, Dulce"]
[Result "1-0"]
[WhiteElo "1758"]
[BlackElo "1570"]
[PlyCount "57"]
[EventDate "2019.01.21"]
[EventRounds "10"]
[EventCountry "BRA"]

1. d4 f5 2. c4 Nf6 3. Nc3 g6 4. Nf3 Bg7 5. g3 O-O 6. Bg2 d6 7. Bf4 a6 8. h4 Qe8 9. d5 Ng4 10. Ng5 Kh8 11. Qb3 e5 12. dxe6 Bxe6 13. Qxb7 Bxc4 14. O-O h6 15. Nh3 Nd7 16. Qxa8 Qxa8 17. Bxa8 Rxa8 18. Rac1 Re8 19. b3 Bf7 20. Rfd1 Nb6 21. e3 Re7 22. Ne2 Nd5 23. Nd4 Rd7 24. Nc6 Nc3 25. Rd2 Ne4 26. Rdc2 Nc5 27. Rd1 Be6 28. Nd4 Bf7 29. Nxf5 1-0

[Event "V Floripa Chess Open 2019"]
[Site "Florianopolis/SC"]
[Date "2019.01.24"]
[Round "6.146"]
[White "Itagyba, Renan Fortes"]
[Black "Santos, Gildemar De Oliveir"]
[Result "1-0"]
[WhiteElo "1735"]
[BlackElo "1566"]
[PlyCount "67"]
[EventDate "2019.01.21"]
[EventRounds "10"]
[EventCountry "BRA"]

1. e4 c5 2. Nf3 d6 3. d4 cxd4 4. Nxd4 Nf6 5. f3 e5 6. Nb3 Be6 7. c4 a6 8. Nc3 Nbd7 9. Be3 Rc8 10. Nd5 Bxd5 11. cxd5 Be7 12. Be2 O-O 13. O-O b5 14. Qd2 Nb6 15. Na5 Nc4 16. Bxc4 bxc4 17. Nc6 Qc7 18. Rfc1 Qb7 19. Rxc4 Rc7 20. Rac1 Ne8 21. b3 f5 22. Rb4 Qa8 23. Rb8 Qxb8 24. Nxb8 Rxc1+ 25. Qxc1 f4 26. Bf2 h6 27. Nxa6 Kh8 28. b4 Nf6 29. b5 Bd8 30. b6 Nd7 31. b7 Ba5 32. Qc6 Rd8 33. Qxd7 Rxd7 34. b8=Q+ 1-0

[Event "V Floripa Chess Open 2019"]
[Site "Florianopolis/SC"]
[Date "2019.01.24"]
[Round "6.147"]
[White "De Souza, Diego Pereira"]
[Black "Ibanez, Jorge Llivi"]
[Result "1-0"]
[WhiteElo "1723"]
[BlackElo "1549"]
[PlyCount "69"]
[EventDate "2019.01.21"]
[EventRounds "10"]
[EventCountry "BRA"]

1. e4 e5 2. Qh5 Nc6 3. Bc4 Qf6 4. Nf3 g6 5. Qg5 Bg7 6. Nc3 Nge7 7. Nb5 O-O 8. Nxc7 Rb8 9. d3 Qd6 10. Nb5 Qc5 11. Be3 Qb4+ 12. c3 Qa5 13. Bc5 h6 14. Qh4 a6 15. Bxe7 axb5 16. Bxf8 Bxf8 17. Bb3 Kg7 18. O-O d6 19. Nd2 Be7 20. Qg3 Qb6 21. Qe3 Qc7 22. f4 Nd8 23. f5 g5 24. Qf3 Bf6 25. Qh5 b6 26. Rf3 Kh7 27. Rh3 Bg7 28. Qxg5 Ne6 29. fxe6 Bxe6 30. Bxe6 fxe6 31. Rf1 Rg8 32. Rf6 Qc5+ 33. d4 exd4 34. Rfxh6+ Bxh6 35. Qxh6# 1-0

[Event "V Floripa Chess Open 2019"]
[Site "Florianopolis/SC"]
[Date "2019.01.24"]
[Round "6.148"]
[White "Santana Freitas, Maria Eduarda"]
[Black "Durante, Taina"]
[Result "0-1"]
[WhiteElo "1486"]
[BlackElo "1723"]
[PlyCount "104"]
[EventDate "2019.01.21"]
[EventRounds "10"]
[EventCountry "BRA"]

1. e4 c5 2. Nf3 d6 3. d4 cxd4 4. Nxd4 Nf6 5. Nc3 a6 6. Bg5 e6 7. f4 Be7 8. Qf3 Qc7 9. O-O-O Nbd7 10. g4 b5 11. a3 Bb7 12. Bg2 Rc8 13. Qe2 Nb6 14. Kb1 Nc4 15. Ka2 Nxa3 16. bxa3 Qxc3 17. Rd3 Qc4+ 18. Kb2 h6 19. Bh4 Bxe4 20. Bxe4 Nxe4 21. Bxe7 Nc3 22. Qe1 Na4+ 23. Kb1 Kxe7 24. Nf5+ Kf8 25. Nd4 Nc3+ 26. Kb2 Qa2+ 27. Kc1 Qxa3+ 28. Kd2 Qb4 29. Kc1 Qb1+ 30. Kd2 Qxe1+ 31. Rxe1 Nd5 32. Ra3 Ra8 33. Nxb5 Ke7 34. Rea1 Nxf4 35. Nc7 Ra7 36. Nb5 Rb7 37. Nd4 Ra8 38. Rxa6 Rxa6 39. Rxa6 Kd7 40. Nc6 Nd5 41. Na5 Rc7 42. c4 Nf6 43. h3 d5 44. cxd5 Nxd5 45. Nb3 Nf4 46. h4 Ng6 47. h5 Ne5 48. Ra4 Rc4 49. Ra7+ Kd6 50. Ra6+ Ke7 51. Ra7+ Kf6 52. Ra1 Rxg4 0-1

[Event "V Floripa Chess Open 2019"]
[Site "Florianopolis/SC"]
[Date "2019.01.24"]
[Round "6.149"]
[White "Lanznaster, Rafael"]
[Black "Jodorcovsky, Paulo Leonardo"]
[Result "0-1"]
[WhiteElo "1470"]
[BlackElo "1722"]
[PlyCount "80"]
[EventDate "2019.01.21"]
[EventRounds "10"]
[EventCountry "BRA"]

1. c4 e6 2. d4 d5 3. cxd5 exd5 4. g3 c6 5. Bg2 Be7 6. Nc3 Nf6 7. Bf4 Bf5 8. Nf3 h6 9. Qb3 Qb6 10. Qxb6 axb6 11. O-O Nbd7 12. Rfe1 O-O 13. Nh4 Bh7 14. Nf3 Rfe8 15. Bh3 g5 16. Bxd7 Nxd7 17. Bd2 Bd6 18. Bc1 Re6 19. b3 Rae8 20. a4 Bb4 21. Bb2 Bxc3 22. Bxc3 Rxe2 23. Rxe2 Rxe2 24. Re1 Rxe1+ 25. Bxe1 Bc2 26. Nd2 c5 27. dxc5 bxc5 28. Kf1 Ne5 29. Ke2 Nd3 30. a5 Kf8 31. f3 Nxe1 32. Kxe1 Ke7 33. Ke2 Kd6 34. Ke3 Kc6 35. f4 g4 36. h3 gxh3 37. Kf2 Kb5 38. Kg1 Kxa5 39. Kh2 Kb4 40. Kxh3 Bxb3 0-1

[Event "V Floripa Chess Open 2019"]
[Site "Florianopolis/SC"]
[Date "2019.01.24"]
[Round "6.150"]
[White "Eyng, Stefan Kuster"]
[Black "Do Prado, Hamilton Mesquita"]
[Result "0-1"]
[WhiteElo "1468"]
[BlackElo "1713"]
[PlyCount "68"]
[EventDate "2019.01.21"]
[EventRounds "10"]
[EventCountry "BRA"]

1. e4 d6 2. d4 Nf6 3. Nc3 c6 4. Bd3 Nbd7 5. Nf3 e5 6. O-O Be7 7. Be3 Qc7 8. Ne2 Nf8 9. h3 h6 10. c4 g5 11. Nh2 Ng6 12. Ng3 Nf4 13. Bxf4 gxf4 14. Nf5 Bxf5 15. exf5 e4 16. Bc2 Rg8 17. Re1 d5 18. cxd5 cxd5 19. Ba4+ Kf8 20. Rc1 Qb6 21. Bb3 Kg7 22. Ng4 Kh7 23. f3 e3 24. Ne5 Rg7 25. Re2 Rag8 26. Ng4 h5 27. Nxf6+ Bxf6 28. Qd3 Kh8 29. Rc5 Bh4 30. Rcc2 Bf2+ 31. Rxf2 exf2+ 32. Rxf2 Qa5 33. Re2 f6 34. Bxd5 Qxd5 0-1

[Event "V Floripa Chess Open 2019"]
[Site "Florianopolis/SC"]
[Date "2019.01.24"]
[Round "6.151"]
[White "Brandt, Ladir Albano Becker"]
[Black "Sarda, Pedro Sada"]
[Result "1/2-1/2"]
[WhiteElo "1710"]
[BlackElo "1539"]
[PlyCount "39"]
[EventDate "2019.01.21"]
[EventRounds "10"]
[EventCountry "BRA"]

1. c4 Nf6 2. Nc3 g6 3. g3 Bg7 4. Bg2 d6 5. Nf3 e5 6. d3 O-O 7. O-O Nc6 8. Rb1 Bd7 9. Bg5 h6 10. Bd2 Qc8 11. Qc1 Kh7 12. Nd5 Nxd5 13. cxd5 Ne7 14. e4 c6 15. dxc6 Nxc6 16. b3 b5 17. Be3 Be6 18. Qd2 Qd7 19. Rbc1 Rac8 20. d4 1/2-1/2

[Event "V Floripa Chess Open 2019"]
[Site "Florianopolis/SC"]
[Date "2019.01.24"]
[Round "6.153"]
[White "Da Silva, Marcos Henrique"]
[Black "Panazzolo, Paulo Victor"]
[Result "0-1"]
[WhiteElo "1448"]
[BlackElo "1708"]
[PlyCount "60"]
[EventDate "2019.01.21"]
[EventRounds "10"]
[EventCountry "BRA"]

1. e4 e5 2. Nf3 Nc6 3. Bb5 a6 4. Ba4 Nf6 5. d3 b5 6. Bb3 d5 7. O-O dxe4 8. dxe4 Be7 9. Bg5 O-O 10. Nbd2 h6 11. Bh4 Bg4 12. Qe2 Nd4 13. Qe3 Bc5 14. Nxd4 Bxd4 15. Bxf6 Qxf6 16. Qg3 Bh5 17. c3 Bb6 18. Bd1 Rad8 19. Bxh5 Rxd2 20. Rab1 Rfd8 21. Bd1 Qd6 22. Qf3 Rd3 23. Qe2 Qf6 24. Bb3 Rd2 25. Qe1 Qg5 26. g3 c5 27. Bd5 c4 28. h4 Qxg3+ 29. Kh1 Qh3+ 30. Kg1 Rd3 0-1

[Event "V Floripa Chess Open 2019"]
[Site "Florianopolis/SC"]
[Date "2019.01.24"]
[Round "6.154"]
[White "Dutra, Liliam Guedes"]
[Black "Sanchez, Ivan Roberto"]
[Result "0-1"]
[WhiteElo "1443"]
[BlackElo "1703"]
[PlyCount "92"]
[EventDate "2019.01.21"]
[EventRounds "10"]
[EventCountry "BRA"]

1. e4 e6 2. d4 d5 3. e5 c5 4. c3 Nc6 5. Bb5 Qb6 6. Na3 Bd7 7. Ne2 Nxe5 8. dxe5 Bxb5 9. Nxb5 Qxb5 10. f4 Ne7 11. Qc2 Nc6 12. Be3 Be7 13. g4 Bh4+ 14. Ng3 f6 15. exf6 Bxf6 16. Qe2 Qxe2+ 17. Kxe2 d4 18. Bd2 dxc3 19. bxc3 O-O-O 20. g5 Be7 21. Ne4 Rhf8 22. Be3 b6 23. Rhf1 g6 24. Rad1 Na5 25. Nd2 Nb7 26. Nc4 Nd6 27. Ne5 Kc7 28. Kf3 Bxg5 29. Kg4 Bf6 30. Bc1 Bxe5 31. fxe5 Nf5 32. Bg5 Rxd1 33. Rxd1 Rf7 34. h4 Kc6 35. Rd2 Kb5 36. h5 gxh5+ 37. Kxh5 Ng3+ 38. Kh6 Ne4 39. Rb2+ Kc6 40. Bh4 Nxc3 41. Bf6 Ne4 42. Bg7 Rf2 43. Rxf2 Nxf2 44. Kxh7 c4 45. Kg6 c3 46. Kf7 Kd5 0-1

[Event "V Floripa Chess Open 2019"]
[Site "Florianopolis/SC"]
[Date "2019.01.24"]
[Round "6.155"]
[White "Arndt, Claudio Felipe"]
[Black "Kim, Thiago"]
[Result "1-0"]
[WhiteElo "1693"]
[BlackElo "1508"]
[PlyCount "97"]
[EventDate "2019.01.21"]
[EventRounds "10"]
[EventCountry "BRA"]

1. d4 Nf6 2. Bf4 e6 3. e3 d5 4. c3 c5 5. Nd2 Nc6 6. Ngf3 Be7 7. h3 O-O 8. Bd3 b6 9. Qe2 c4 10. Bc2 Bb7 11. O-O b5 12. e4 dxe4 13. Nxe4 Nxe4 14. Qxe4 g6 15. Bh6 Re8 16. Qg4 Bf8 17. Bxf8 Kxf8 18. Qf4 Kg7 19. Ne5 Nxe5 20. dxe5 Qd5 21. f3 Qc5+ 22. Kh2 Rad8 23. Rad1 Qc7 24. Rd6 Rxd6 25. exd6 Qd7 26. Qd4+ Kg8 27. Be4 Rd8 28. Rd1 a6 29. Qf6 Bxe4 30. fxe4 h5 31. e5 a5 32. Rd4 Re8 33. Rf4 Ra8 34. g4 hxg4 35. Rxg4 Qd8 36. Qf4 Kg7 37. Rh4 g5 38. Rg4 f6 39. exf6+ Qxf6 40. Rxg5+ Kf7 41. Qxf6+ Kxf6 42. Rxb5 a4 43. Rc5 a3 44. bxa3 Rxa3 45. Rxc4 Rxa2+ 46. Kg3 Rd2 47. Rd4 Rxd4 48. cxd4 Kf7 49. Kf4 1-0

[Event "V Floripa Chess Open 2019"]
[Site "Florianopolis/SC"]
[Date "2019.01.24"]
[Round "6.156"]
[White "Seiffert, Gabriel Pamplona"]
[Black "Benevenga, Antonio"]
[Result "1-0"]
[WhiteElo "1436"]
[BlackElo "1692"]
[PlyCount "87"]
[EventDate "2019.01.21"]
[EventRounds "10"]
[EventCountry "BRA"]

1. d4 g6 2. c4 Nf6 3. Nc3 Bg7 4. e4 d6 5. f3 O-O 6. Be3 Nbd7 7. Nge2 c5 8. Qd2 a6 9. g4 Ne8 10. Ng3 cxd4 11. Bxd4 Ne5 12. Be2 Bd7 13. O-O-O Qa5 14. Kb1 b5 15. h4 e6 16. h5 b4 17. hxg6 fxg6 18. f4 Nf7 19. Bxg7 Nxg7 20. Bd3 bxc3 21. Qh2 h6 22. e5 Bc6 23. Ne4 Bxe4 24. Bxe4 Rab8 25. b3 Qa3 26. exd6 Qb2+ 27. Qxb2 cxb2 28. Kxb2 g5 29. fxg5 Nxg5 30. Bc2 Nf7 31. Bg6 Ne5 32. Rxh6 Nxg6 33. Rxg6 Rf2+ 34. Ka3 Kf7 35. Rg5 Kf6 36. Ra5 e5 37. Rxa6 Ne6 38. d7 Ke7 39. Rxe6+ Kxe6 40. d8=Q Rxd8 41. Rxd8 Ke7 42. Rd1 Rg2 43. Re1 Ke6 44. Re4 1-0

[Event "V Floripa Chess Open 2019"]
[Site "Florianopolis/SC"]
[Date "2019.01.24"]
[Round "6.157"]
[White "Moretto, Heitor Frainer"]
[Black "Maciel, Felipe Eduardo Ribe"]
[Result "1/2-1/2"]
[WhiteElo "1426"]
[BlackElo "1688"]
[PlyCount "44"]
[EventDate "2019.01.21"]
[EventRounds "10"]
[EventCountry "BRA"]

1. e4 e6 2. d3 d5 3. Nd2 dxe4 4. dxe4 c5 5. Ngf3 Nc6 6. c3 a6 7. a4 e5 8. Bc4 Be7 9. Qb3 Nh6 10. O-O Na5 11. Qc2 Nxc4 12. Nxc4 f6 13. Rd1 Qc7 14. a5 Nf7 15. Nb6 Rb8 16. Qa4+ Qc6 17. Qc4 Be6 18. Nd5 Nd6 19. Nxf6+ gxf6 20. Qxe6 Nxe4 21. Qxc6+ bxc6 22. Ra4 Nd6 1/2-1/2

[Event "V Floripa Chess Open 2019"]
[Site "Florianopolis/SC"]
[Date "2019.01.24"]
[Round "6.158"]
[White "Carvalho, Isis"]
[Black "Santos Neto, Amazonas"]
[Result "0-1"]
[WhiteElo "1396"]
[BlackElo "1682"]
[PlyCount "76"]
[EventDate "2019.01.21"]
[EventRounds "10"]
[EventCountry "BRA"]

1. Nf3 c5 2. g3 Nc6 3. Bg2 g6 4. O-O Bg7 5. d3 Qb6 6. Nbd2 d5 7. e4 dxe4 8. dxe4 Bg4 9. h3 Bd7 10. a4 Qc7 11. Qe2 Nd4 12. Qd3 Rd8 13. Nc4 Nxf3+ 14. Qxf3 Bc6 15. Bf4 e5 16. Bg5 Rd4 17. Qc3 b6 18. Rad1 Ne7 19. Rxd4 cxd4 20. Qb4 Nc8 21. f4 h6 22. Bh4 a5 23. Qa3 Bxe4 24. Bxe4 Qxc4 25. Bb7 Bf8 26. Qf3 Be7 27. Bc6+ Kf8 28. Bd5 Qxc2 29. fxe5 Qf5 30. Bxe7+ Nxe7 31. Qa3 Qxe5 32. Rxf7+ Ke8 33. Bg2 Kxf7 34. Qf3+ Kg7 35. Qb7 Qe3+ 36. Kh2 d3 37. Bf3 Rf8 38. Kg2 d2 0-1

[Event "V Floripa Chess Open 2019"]
[Site "Florianopolis/SC"]
[Date "2019.01.24"]
[Round "6.159"]
[White "Gomes, Marco Tulio Caldeir"]
[Black "Lima, Aine Carolina"]
[Result "1/2-1/2"]
[WhiteElo "1678"]
[BlackElo "1502"]
[PlyCount "50"]
[EventDate "2019.01.21"]
[EventRounds "10"]
[EventCountry "BRA"]

1. c4 e5 2. Nc3 Nc6 3. g3 d6 4. Bg2 g6 5. d3 Bg7 6. e4 Be6 7. Nge2 Nge7 8. O-O O-O 9. h3 Qd7 10. Kh2 f5 11. f4 fxe4 12. Nxe4 Nf5 13. Ng5 Kh8 14. Nxe6 Qxe6 15. Rb1 Rae8 16. Bd2 Qd7 17. Qa4 a6 18. Be4 Nfe7 19. Nc3 Qc8 20. Ne2 Qd7 21. Qb3 b6 22. Qa4 Nb8 23. Qb3 Nbc6 24. Qa4 Nb8 25. Qb3 Nbc6 1/2-1/2

[Event "V Floripa Chess Open 2019"]
[Site "Florianopolis/SC"]
[Date "2019.01.24"]
[Round "6.160"]
[White "Nunes Dos Santos, Rafael"]
[Black "Bauza Mercere, Eduardo"]
[Result "0-1"]
[WhiteElo "1350"]
[BlackElo "1675"]
[PlyCount "154"]
[EventDate "2019.01.21"]
[EventRounds "10"]
[EventCountry "BRA"]

1. g4 d5 2. Bg2 Bxg4 3. c4 Be6 4. Qb3 Bc8 5. Bxd5 c6 6. Bg2 g6 7. Nf3 Bg7 8. c5 Nf6 9. Rg1 O-O 10. d3 Nh5 11. Nc3 Na6 12. Ne4 Nxc5 13. Nxc5 Qa5+ 14. Bd2 Qxc5 15. Rc1 Qb6 16. Rc2 Qxb3 17. axb3 Be6 18. d4 Bxb3 19. Rc3 Bd5 20. Ne5 Bxg2 21. Rxg2 Rfc8 22. f4 e6 23. Rh3 Nf6 24. Bc3 c5 25. dxc5 Rxc5 26. Nd3 Rd5 27. Bxf6 Bxf6 28. e4 Rd7 29. e5 Be7 30. Rhg3 Rad8 31. Ke2 Rc7 32. Ne1 Bb4 33. Rd3 Rxd3 34. Nxd3 Rc2+ 35. Kf3 Rxg2 36. Kxg2 Be7 37. Kf3 Kf8 38. Ke4 Ke8 39. Kd4 Kd7 40. b4 Kc6 41. h3 Kb5 42. Kc3 b6 43. Nf2 Bxb4+ 44. Kb3 Bc5 45. Ne4 Be7 46. Nc3+ Kc6 47. Ka4 a6 48. Ne2 g5 49. f5 exf5 50. Nd4+ Kd7 51. Nxf5 f6 52. exf6 Bxf6 53. Ne3 h5 54. Nd5 Bd4 55. Kb4 g4 56. hxg4 hxg4 57. Kc4 Be5 58. Nxb6+ Kc6 59. Nd5 g3 60. Ne3 Bd6 61. Kb3 Kb5 62. Ka2 Kb4 63. Kb1 Kc3 64. Ng2 Kd2 65. Ka2 Bb4 66. Kb3 a5 67. Kc4 Ke2 68. Kd4 Kf2 69. Nh4 g2 70. Nxg2 Kxg2 71. Kc4 Kf2 72. Kb3 Ke2 73. Ka4 Kd3 74. Kb3 Kd2 75. Ka4 Kc2 76. Kb5 Kb3 77. Kc6 a4 0-1

[Event "V Floripa Chess Open 2019"]
[Site "Florianopolis/SC"]
[Date "2019.01.24"]
[Round "6.161"]
[White "Buiar, Maria Eduarda Beral"]
[Black "Tasoko, Toshinobu"]
[Result "1-0"]
[WhiteElo "1315"]
[BlackElo "1668"]
[PlyCount "91"]
[EventDate "2019.01.21"]
[EventRounds "10"]
[EventCountry "BRA"]

1. d4 Nf6 2. Bf4 g6 3. e3 Bg7 4. Nd2 d5 5. Ngf3 Nbd7 6. h3 c5 7. c3 c4 8. Be2 b5 9. O-O h6 10. Qc2 O-O 11. e4 Bb7 12. exd5 Nxd5 13. Bh2 N7f6 14. a4 a6 15. b3 Rc8 16. bxc4 bxc4 17. Qb2 Ba8 18. Rac1 Qd7 19. Bxc4 Rxc4 20. Nxc4 Qxa4 21. Ncd2 Qb5 22. Qa2 Qc6 23. Ne5 Qc8 24. Qa5 Nd7 25. Nxd7 Qxd7 26. Qxa6 Qc6 27. Qxc6 Bxc6 28. c4 Bxd4 29. cxd5 Bxd5 30. Nf3 Bg7 31. Be5 f6 32. Bg3 e5 33. Rc5 Be6 34. Nd2 Rd8 35. Nb1 Bf5 36. f4 e4 37. Bf2 Rd3 38. Rc3 Rd8 39. Be3 Bc8 40. Nd2 f5 41. Rc6 Kh7 42. Re1 Bb7 43. Rc7 Ba6 44. g4 Bd3 45. Kf2 Kg8 46. Rec1 1-0

[Event "V Floripa Chess Open 2019"]
[Site "Florianopolis/SC"]
[Date "2019.01.24"]
[Round "6.162"]
[White "Blau, Vitoria Caroline"]
[Black "Dos Anjos, Diovana Ferreira"]
[Result "0-1"]
[WhiteElo "1339"]
[BlackElo "1660"]
[PlyCount "124"]
[EventDate "2019.01.21"]
[EventRounds "10"]
[EventCountry "BRA"]

1. d4 b5 2. Bf4 Bb7 3. e3 e6 4. Nf3 a6 5. Bd3 c5 6. c4 b4 7. O-O Nf6 8. Nbd2 Be7 9. Nb3 d6 10. a3 a5 11. axb4 axb4 12. Qe2 O-O 13. Rxa8 Bxa8 14. Ra1 Nbd7 15. dxc5 dxc5 16. e4 Nb6 17. e5 Nh5 18. Be3 Bxf3 19. gxf3 Qc7 20. f4 g6 21. Qf3 Rd8 22. Be2 Ng7 23. Nd2 f6 24. Qg3 Nf5 25. Qg4 fxe5 26. Nf3 exf4 27. Bxf4 Qc8 28. h4 Ng7 29. Kh2 Bd6 30. Rg1 Bxf4+ 31. Qxf4 Qb8 32. Qxb8 Rxb8 33. Rg5 Rc8 34. Ne5 Kf8 35. b3 Ke7 36. Nd3 Nf5 37. Kh3 Kf6 38. Nf4 Rd8 39. Nd3 Nd7 40. f4 Ra8 41. h5 Ra2 42. Bg4 Rd2 43. Bxf5 exf5 44. Ne1 Rb2 45. hxg6 Rxb3+ 46. Rg3 Rxg3+ 47. Kxg3 hxg6 48. Kf3 Nb6 49. Nd3 Na4 50. Nc1 g5 51. fxg5+ Kxg5 52. Nb3 f4 53. Nd2 Kf5 54. Nb3 Ke5 55. Nd2 Kd4 56. Kxf4 Kd3 57. Ne4 b3 58. Nf2+ Kxc4 59. Ke3 b2 60. Ne4 Kb3 61. Ke2 Nc3+ 62. Nxc3 Kxc3 0-1

[Event "V Floripa Chess Open 2019"]
[Site "Florianopolis/SC"]
[Date "2019.01.24"]
[Round "6.163"]
[White "Da Silva, Matheus Lopes"]
[Black "De Oliveira, Gualter Amelio"]
[Result "1-0"]
[WhiteElo "1653"]
[BlackElo "1455"]
[PlyCount "127"]
[EventDate "2019.01.21"]
[EventRounds "10"]
[EventCountry "BRA"]

1. e4 c5 2. Nf3 e6 3. d4 d5 4. dxc5 Bxc5 5. exd5 Qxd5 6. Qxd5 exd5 7. Bd3 Ne7 8. Bf4 Nbc6 9. O-O O-O 10. Nc3 a6 11. a3 Bg4 12. Ne5 Nxe5 13. Bxe5 f6 14. Bg3 Rac8 15. Rfe1 Rfe8 16. Rab1 Rcd8 17. h3 Bh5 18. Ne2 Nc6 19. Nf4 Bf7 20. Bf5 Ne5 21. Nd3 Nxd3 22. Bxd3 Rxe1+ 23. Rxe1 Re8 24. Rxe8+ Bxe8 25. Kf1 Kf8 26. Ke2 h6 27. Bf5 Ke7 28. Kd3 Bb5+ 29. Kd2 Bf1 30. Bc8 Bxg2 31. Bxb7 Kd7 32. b4 Bb6 33. Bxa6 Bxh3 34. Bb7 Be6 35. a4 Bc7 36. c3 Be5 37. a5 Kc7 38. Ba6 Bc8 39. Be2 Bxg3 40. fxg3 g5 41. Bf3 Be6 42. Ke3 f5 43. Kd4 g4 44. Bg2 f4 45. gxf4 h5 46. Ke3 h4 47. f5 Bxf5 48. Bxd5 h3 49. Kf2 Kd6 50. Bh1 Kc7 51. Kg3 Be6 52. Be4 Kb8 53. Bd3 Ka7 54. b5 Bd5 55. c4 Bf3 56. c5 Bd5 57. Be2 Be6 58. c6 Bf5 59. b6+ Kb8 60. Ba6 Bc8 61. c7+ Ka8 62. Bxc8 h2 63. b7+ Ka7 64. b8=Q# 1-0

[Event "V Floripa Chess Open 2019"]
[Site "Florianopolis/SC"]
[Date "2019.01.24"]
[Round "6.164"]
[White "Dummer, Micael Schwenske"]
[Black "Nasario, Rafael"]
[Result "1/2-1/2"]
[WhiteElo "1800"]
[BlackElo "1652"]
[PlyCount "67"]
[EventDate "2019.01.21"]
[EventRounds "10"]
[EventCountry "BRA"]

1. e4 e6 2. Qe2 c5 3. Nc3 a6 4. a4 Nc6 5. Nf3 Nd4 6. Qd3 Qf6 7. Nxd4 cxd4 8. Ne2 Bc5 9. g3 Ne7 10. Bg2 e5 11. O-O O-O 12. Qc4 d6 13. Qa2 Bg4 14. Qc4 Rac8 15. Qd3 Rc7 16. f4 Qg6 17. Kh1 Rfc8 18. f5 Qh5 19. Ng1 Ba7 20. c3 f6 21. Bf3 d5 22. exd5 Bxf3+ 23. Qxf3 Qxf3+ 24. Nxf3 Nxd5 25. cxd4 e4 26. Ng1 Bxd4 27. Ne2 Be5 28. Nc3 Nxc3 29. dxc3 Re7 30. Be3 Rd8 31. Rad1 Red7 32. Rxd7 Rxd7 33. Kg2 Rd5 34. Kf2 1/2-1/2

[Event "V Floripa Chess Open 2019"]
[Site "Florianopolis/SC"]
[Date "2019.01.24"]
[Round "6.165"]
[White "De Sousa, Alex Aecio"]
[Black "Kojima, Rodrigo Yosuke"]
[Result "1-0"]
[WhiteElo "1639"]
[BlackElo "1412"]
[PlyCount "61"]
[EventDate "2019.01.21"]
[EventRounds "10"]
[EventCountry "BRA"]

1. c4 e6 2. g3 Nf6 3. Bg2 c5 4. Nf3 Nc6 5. O-O Be7 6. Nc3 O-O 7. d4 d5 8. cxd5 exd5 9. dxc5 Bxc5 10. Bg5 d4 11. Bxf6 Qxf6 12. Ne4 Qe7 13. Nxc5 Qxc5 14. a3 Rd8 15. b4 Qb5 16. Re1 Be6 17. Rc1 b6 18. a4 Qxb4 19. Rxc6 Bb3 20. Qb1 Qxa4 21. Rc7 Rab8 22. Qb2 Bd5 23. Ra1 Qe8 24. Raxa7 Bxf3 25. Bxf3 d3 26. Kg2 b5 27. Qa2 Qe6 28. Qxe6 fxe6 29. Rxg7+ Kf8 30. Raf7+ Ke8 31. Bc6+ 1-0